[Event "SE-2014-0-00188"]
[Site "LSS email"]
[Date "2014.12.25"]
[Round "?"]
[White "Timing, Jan"]
[Black "Wilshusen, Horst"]
[Result "0-1"]
[WhiteElo "1515"]
[BlackElo "1272"]
[PlyCount "38"]
[EventDate "2014.11.22"]
[EventType "tourn (corr)"]
[EventRounds "6"]
[EventCountry "GER"]
[SourceTitle "Corr 2022"]
[Source "ChessBase"]
[SourceDate "2021.10.24"]
[SourceVersion "1"]
[SourceVersionDate "2021.10.24"]
[SourceQuality "1"]

1. e4 c6 2. d4 d5 3. Nc3 dxe4 4. Nxe4 Bf5 5. Ng3 Bg6 6. h4 h6 7. Nf3 Nd7 8. h5 Bh7 9. Bd3 Bxd3 10. Qxd3 Qc7 11. Bd2 e6 12. 0-0-0 Bd6 13. Ne4 Bf4 14. Qa3 Bxd2+ 15. Rxd2 Ne7 16. Nd6+ Kf8 17. Ne5 Nxe5 18. dxe5 Kg8 19. Rhd1 g6 0-1

[Event "SE-2014-0-00188"]
[Site "LSS email"]
[Date "2014.12.23"]
[Round "?"]
[White "Timing, Jan"]
[Black "Rodriguez, Elsiomo"]
[Result "0-1"]
[WhiteElo "1515"]
[BlackElo "1781"]
[PlyCount "66"]
[EventDate "2014.11.22"]
[EventType "tourn (corr)"]
[EventRounds "6"]
[EventCountry "GER"]
[SourceTitle "Corr 2022"]
[Source "ChessBase"]
[SourceDate "2021.10.24"]
[SourceVersion "1"]
[SourceVersionDate "2021.10.24"]
[SourceQuality "1"]

1. e4 e6 2. d4 d5 3. Nc3 Nf6 4. Bg5 dxe4 5. Nxe4 Be7 6. Nxf6+ Bxf6 7. Bxf6 Qxf6 8. Nf3 0-0 9. Qd3 c5 10. 0-0-0 Rd8 11. Qe4 Nc6 12. Bd3 Qh6+ 13. Qe3 Qxe3+ 14. fxe3 cxd4 15. Be4 Bd7 16. exd4 f5 17. Bd3 Nb4 18. Bc4 a5 19. a4 Nd5 20. Rhe1 h6 21. b3 Re8 22. Bxd5 exd5 23. Ne5 Be6 24. h4 Rac8 25. Kb2 Rc7 26. Rd2 Bf7 27. Rf1 Be6 28. h5 Bc8 29. Rf3 Kh7 30. Re2 b6 31. Ree3 Be6 32. Nd3 Rce7 33. Rf2 Bd7 0-1

[Event "SE-2014-0-00185"]
[Site "LSS email"]
[Date "2014.11.27"]
[Round "?"]
[White "Basson, Heinrich"]
[Black "Timing, Jan"]
[Result "0-1"]
[WhiteElo "1485"]
[BlackElo "1481"]
[PlyCount "66"]
[EventDate "2014.11.04"]
[EventType "tourn (corr)"]
[EventRounds "6"]
[EventCountry "GER"]
[SourceTitle "Corr 2022"]
[Source "ChessBase"]
[SourceDate "2021.10.24"]
[SourceVersion "1"]
[SourceVersionDate "2021.10.24"]
[SourceQuality "1"]

1. d4 Nf6 2. c4 e6 3. Nc3 Bb4 4. Qb3 Bxc3+ 5. Qxc3 0-0 6. Nf3 b6 7. Bg5 Bb7 8. g3 d6 9. Bg2 Nbd7 10. 0-0 h6 11. Bd2 c5 12. e3 Re8 13. Rac1 Qc7 14. a3 a5 15. Rfd1 Be4 16. Ne1 Bxg2 17. Nxg2 Ne4 18. Qd3 Ng5 19. Bc3 Rad8 20. f4 Nh3+ 21. Kf1 Nf6 22. dxc5 Ng4 23. Qd4 f6 24. cxb6 Qc6 25. e4 d5 26. cxd5 exd5 27. Nh4 Rxe4 28. Qxe4 dxe4 29. Rxd8+ Kh7 30. Kg2 Ng5 31. fxg5 hxg5 32. Rd4 gxh4 33. gxh4 Ne3+ 0-1

[Event "RE-2014-0-00144"]
[Site "LSS email"]
[Date "2014.11.18"]
[Round "?"]
[White "Shim Ng Min, Francis"]
[Black "Timing, Jan"]
[Result "0-1"]
[WhiteElo "1312"]
[BlackElo "800"]
[PlyCount "66"]
[EventDate "2014.07.23"]
[EventType "tourn (corr)"]
[EventRounds "6"]
[EventCountry "GER"]
[SourceTitle "Corr 2022"]
[Source "ChessBase"]
[SourceDate "2021.10.24"]
[SourceVersion "1"]
[SourceVersionDate "2021.10.24"]
[SourceQuality "1"]

1. e4 e5 2. Nf3 Nc6 3. d4 exd4 4. Bc4 Nf6 5. 0-0 Nxe4 6. Re1 d5 7. Bxd5 Qxd5 8. Nc3 Qa5 9. Nxe4 Be6 10. Neg5 0-0-0 11. Nxe6 fxe6 12. Ng5 d3 13. cxd3 Rxd3 14. Qe2 Rd7 15. Be3 Bb4 16. Red1 Rxd1+ 17. Qxd1 Qf5 18. Qb3 Re8 19. Nf3 Rd8 20. Rc1 Be7 21. Qa4 Bf6 22. b4 a6 23. h3 h6 24. Qb3 Rd3 25. Qb1 Ra3 26. Rc2 Rc3 27. Rb2 Qxb1+ 28. Rxb1 Ra3 29. b5 axb5 30. Rxb5 Rxa2 31. g3 e5 32. Nd2 Nd4 33. Rb1 Rxd2 0-1

[Event "RE-2014-0-00144"]
[Site "LSS email"]
[Date "2014.11.18"]
[Round "?"]
[White "Vio, Mauro"]
[Black "Timing, Jan"]
[Result "0-1"]
[WhiteElo "1416"]
[BlackElo "800"]
[PlyCount "68"]
[EventDate "2014.07.23"]
[EventType "tourn (corr)"]
[EventRounds "6"]
[EventCountry "GER"]
[SourceTitle "Corr 2022"]
[Source "ChessBase"]
[SourceDate "2021.10.24"]
[SourceVersion "1"]
[SourceVersionDate "2021.10.24"]
[SourceQuality "1"]

1. e4 c6 2. d4 d5 3. exd5 cxd5 4. Nc3 Nc6 5. Bb5 a6 6. Bxc6+ bxc6 7. Nf3 Bg4 8. h3 Bxf3 9. Qxf3 e6 10. 0-0 Nf6 11. Bf4 c5 12. Rfd1 cxd4 13. Rxd4 Bc5 14. Rd3 0-0 15. a3 Rc8 16. Re1 Bd6 17. Be5 Bxe5 18. Rxe5 Qb6 19. b4 Rc4 20. Rg5 Kh8 21. Rg3 Qc7 22. Qe3 Nh5 23. Rf3 Nf4 24. Rd2 Rc8 25. Ne2 Re4 26. Qxf4 Rxf4 27. Nxf4 g6 28. Ne2 Kg7 29. Nd4 a5 30. b5 Qb6 31. Rfd3 Rc4 32. g4 Qc5 33. Kg2 Ra4 34. Rd1 e5 0-1

[Event "OP-2014-0-03538"]
[Site "LSS email"]
[Date "2014.10.26"]
[Round "?"]
[White "Ederer, Karel"]
[Black "Timing, Jan"]
[Result "1/2-1/2"]
[WhiteElo "1886"]
[BlackElo "1423"]
[PlyCount "34"]
[EventDate "2014.10.21"]
[EventType "tourn (corr)"]
[EventRounds "4"]
[EventCountry "GER"]
[SourceTitle "Corr 2015"]
[Source "ChessBase"]
[SourceDate "2015.07.17"]
[SourceVersion "1"]
[SourceVersionDate "2015.07.17"]
[SourceQuality "1"]

1. e4 c6 2. d3 d5 3. Nd2 e5 4. Ngf3 Bd6 5. g3 Nf6 6. Bg2 0-0 7. 0-0 Re8 8. Re1 Nbd7 9. b3 a5 10. a3 d4 11. Bb2 Bc7 12. Rc1 Nc5 13. Bf1 Bg4 14. h3 Bh5 15. Be2 Bxf3 16. Nxf3 Qd6 17. Bf1 Ne6 1/2-1/2

[Event "ZL-2014-0-01534"]
[Site "LSS email"]
[Date "2014.10.22"]
[Round "?"]
[White "Lenz, Juergen"]
[Black "Timing, Jan"]
[Result "0-1"]
[WhiteElo "947"]
[BlackElo "1423"]
[PlyCount "46"]
[EventDate "2014.10.01"]
[EventType "match (corr)"]
[EventRounds "2"]
[EventCountry "GER"]
[SourceTitle "Corr 2015"]
[Source "ChessBase"]
[SourceDate "2015.07.17"]
[SourceVersion "1"]
[SourceVersionDate "2015.07.17"]
[SourceQuality "1"]

1. d4 Nf6 2. Nf3 c5 3. d5 d6 4. Nc3 g6 5. e4 Bg7 6. h3 0-0 7. Bf4 b5 8. Bxb5 Nxe4 9. Nxe4 Qa5+ 10. c3 Qxb5 11. Qe2 Qxe2+ 12. Kxe2 Ba6+ 13. Ke3 h6 14. Rhd1 Nd7 15. Rac1 f5 16. Ned2 g5 17. Nxg5 hxg5 18. Bxg5 Nb6 19. b3 Nxd5+ 20. Kf3 Nxc3 21. Re1 Bb7+ 22. Kg3 Ne4+ 23. Nxe4 fxe4 0-1

[Event "ZL-2014-0-01534"]
[Site "LSS email"]
[Date "2014.10.22"]
[Round "?"]
[White "Timing, Jan"]
[Black "Lenz, Juergen"]
[Result "1-0"]
[WhiteElo "1423"]
[BlackElo "947"]
[PlyCount "67"]
[EventDate "2014.10.01"]
[EventType "match (corr)"]
[EventRounds "2"]
[EventCountry "GER"]
[SourceTitle "Corr 2015"]
[Source "ChessBase"]
[SourceDate "2015.07.17"]
[SourceVersion "1"]
[SourceVersionDate "2015.07.17"]
[SourceQuality "1"]

1. e4 Nf6 2. e5 Nd5 3. d4 d6 4. c4 Nb6 5. f4 g6 6. Be2 Bg7 7. Nf3 0-0 8. 0-0 Bg4 9. Nc3 dxe5 10. dxe5 Nc6 11. c5 Nd7 12. Be3 e6 13. Qb3 Rb8 14. Rad1 Qe7 15. h3 Bxf3 16. Bxf3 Rfd8 17. Qa3 a6 18. Bxc6 bxc6 19. Qa5 Nf8 20. Rxd8 Rxd8 21. Qxa6 Qh4 22. Qxc6 Rd7 23. a4 Rd3 24. Qe4 Qd8 25. Kf2 Rd7 26. c6 Re7 27. a5 Qa8 28. Ra1 Qa6 29. b4 f5 30. b5 Qxa5 31. Rxa5 fxe4 32. Nxe4 Re8 33. b6 cxb6 34. Nd6 1-0

[Event "OP-2014-0-03523"]
[Site "LSS email"]
[Date "2014.10.12"]
[Round "?"]
[White "Le Duigou, Jean Guy"]
[Black "Timing, Jan"]
[Result "1/2-1/2"]
[WhiteElo "1696"]
[BlackElo "1423"]
[PlyCount "40"]
[EventDate "2014.10.07"]
[EventType "tourn (corr)"]
[EventRounds "4"]
[EventCountry "GER"]
[SourceTitle "Corr 2015"]
[Source "ChessBase"]
[SourceDate "2015.07.17"]
[SourceVersion "1"]
[SourceVersionDate "2015.07.17"]
[SourceQuality "1"]

1. e4 e5 2. Nf3 Nc6 3. Bb5 a6 4. Ba4 Nf6 5. 0-0 Be7 6. Re1 b5 7. Bb3 0-0 8. a4 b4 9. d4 d6 10. dxe5 Nxe5 11. h3 Nfd7 12. Nbd2 Bf6 13. Nc4 Nxc4 14. Bxc4 Bb7 15. Bd2 Re8 16. Bxb4 Rxe4 17. Rxe4 Bxe4 18. Ba3 g6 19. Qe2 Bb7 20. Re1 Nb6 1/2-1/2

[Event "OP-2014-0-03523"]
[Site "LSS email"]
[Date "2014.10.12"]
[Round "?"]
[White "Timing, Jan"]
[Black "Rada, Karel"]
[Result "1-0"]
[WhiteElo "1423"]
[BlackElo "913"]
[PlyCount "55"]
[EventDate "2014.10.07"]
[EventType "tourn (corr)"]
[EventRounds "4"]
[EventCountry "GER"]
[SourceTitle "Corr 2015"]
[Source "ChessBase"]
[SourceDate "2015.07.17"]
[SourceVersion "1"]
[SourceVersionDate "2015.07.17"]
[SourceQuality "1"]

1. e4 e5 2. Nf3 Nc6 3. Bb5 Bc5 4. c3 Nf6 5. 0-0 0-0 6. d4 Bb6 7. Bg5 h6 8. Bh4 d6 9. Bxc6 bxc6 10. dxe5 dxe5 11. Qa4 Qd6 12. Rd1 Qe6 13. Nbd2 Bb7 14. Qb3 Rfe8 15. Qxe6 Rxe6 16. Bxf6 Rxf6 17. Nc4 Re8 18. Rd7 Bc8 19. Nxb6 cxb6 20. Rxa7 Rd6 21. a4 Bg4 22. b4 Rd3 23. Ne1 Rxc3 24. a5 bxa5 25. bxa5 Rb3 26. a6 Be2 27. Rb7 Rxb7 28. axb7 1-0

[Event "ZL-2014-0-01530"]
[Site "LSS email"]
[Date "2014.10.02"]
[Round "?"]
[White "Robertson, George"]
[Black "Timing, Jan"]
[Result "1-0"]
[WhiteElo "1157"]
[BlackElo "1254"]
[PlyCount "93"]
[EventDate "2014.09.17"]
[EventType "match (corr)"]
[EventRounds "2"]
[EventCountry "GER"]
[SourceTitle "Corr 2015"]
[Source "ChessBase"]
[SourceDate "2015.07.17"]
[SourceVersion "1"]
[SourceVersionDate "2015.07.17"]
[SourceQuality "1"]

1. e4 e5 2. Nc3 Nf6 3. Bc4 Bc5 4. d3 c6 5. Nf3 b5 6. Bb3 d6 7. 0-0 Nbd7 8. d4 exd4 9. Nxd4 Ne5 10. Be3 0-0 11. f3 a5 12. a3 a4 13. Ba2 Be6 14. Bf2 Bxa2 15. Rxa2 Re8 16. Nf5 Bxf2+ 17. Rxf2 g6 18. Nxd6 Re7 19. Qd4 Ne8 20. f4 Qxd6 21. Qxd6 Nxd6 22. fxe5 Rxe5 23. Rd2 Nc4 24. Rd3 Kg7 25. b3 axb3 26. cxb3 Nxa3 27. Rd7 b4 28. Na4 Rxe4 29. Nc5 Re1+ 30. Kf2 Ree8 31. Nd3 Ra5 32. h3 Rf5+ 33. Kg1 c5 34. g4 Rf3 35. Nxc5 Rc3 36. Nb7 Re1+ 37. Kg2 Ree3 38. Nd6 Rxb3 39. Rxf7+ Kg8 40. Rb7 Rbd3 41. Rb8+ Kg7 42. Rb7+ Kf6 43. Rf2+ Ke6 44. Nf7 b3 45. Ng5+ Kd5 46. Rxh7 Kc6 47. Rg7 1-0

[Event "SF-2014-0-00252"]
[Site "LSS email"]
[Date "2014.09.23"]
[Round "?"]
[White "Caviglia, Maximiliano"]
[Black "Timing, Jan"]
[Result "0-1"]
[WhiteElo "1161"]
[BlackElo "1254"]
[PlyCount "34"]
[EventDate "2014.08.25"]
[EventType "tourn (corr)"]
[EventRounds "6"]
[EventCountry "GER"]
[SourceTitle "Corr 2015"]
[Source "ChessBase"]
[SourceDate "2015.07.17"]
[SourceVersion "1"]
[SourceVersionDate "2015.07.17"]
[SourceQuality "1"]

1. b4 e5 2. Bb2 Bxb4 3. Bxe5 Nf6 4. Nf3 d5 5. e3 0-0 6. Be2 c5 7. 0-0 Nc6 8. Bb2 Ba5 9. h3 Re8 10. d4 c4 11. Bc3 Bc7 12. Nbd2 b5 13. Rb1 Rb8 14. Bb4 Ne4 15. Nxe4 dxe4 16. Nd2 Nxb4 17. Rxb4 Qd6 0-1

[Event "OP-2014-0-03506"]
[Site "LSS email"]
[Date "2014.09.23"]
[Round "?"]
[White "Pauk, Jozef"]
[Black "Timing, Jan"]
[Result "0-1"]
[WhiteElo "754"]
[BlackElo "1423"]
[PlyCount "38"]
[EventDate "2014.09.18"]
[EventType "tourn (corr)"]
[EventRounds "4"]
[EventCountry "GER"]
[SourceTitle "Corr 2015"]
[Source "ChessBase"]
[SourceDate "2015.07.17"]
[SourceVersion "1"]
[SourceVersionDate "2015.07.17"]
[SourceQuality "1"]

1. e4 e5 2. d3 Nc6 3. a3 Nf6 4. Bg5 d5 5. exd5 Qxd5 6. c4 Qd6 7. Nc3 Bf5 8. Bxf6 gxf6 9. Nd5 0-0-0 10. Be2 Rg8 11. g3 Ne7 12. Nxe7+ Qxe7 13. Qb3 e4 14. dxe4 Bxe4 15. f3 Bg6 16. Nh3 Rd3 17. Qa2 Qe3 18. b4 Bh6 19. Rd1 Rxd1+ 0-1

[Event "SF-2014-0-00252"]
[Site "LSS email"]
[Date "2014.09.23"]
[Round "?"]
[White "Trevis, Robert R"]
[Black "Timing, Jan"]
[Result "0-1"]
[WhiteElo "1000"]
[BlackElo "1254"]
[PlyCount "48"]
[EventDate "2014.08.25"]
[EventType "tourn (corr)"]
[EventRounds "6"]
[EventCountry "GER"]
[SourceTitle "Corr 2015"]
[Source "ChessBase"]
[SourceDate "2015.07.17"]
[SourceVersion "1"]
[SourceVersionDate "2015.07.17"]
[SourceQuality "1"]

1. e4 e5 2. Nf3 Nc6 3. d4 exd4 4. Nxd4 Bc5 5. Nb3 Bb6 6. Be2 Nf6 7. Nc3 0-0 8. 0-0 d6 9. Bg5 Be6 10. Nd5 Bxd5 11. exd5 Ne5 12. Qd2 h6 13. Bf4 Re8 14. c4 Ne4 15. Qc2 Bxf2+ 16. Rxf2 Nxf2 17. Kxf2 Qf6 18. g3 g5 19. Rg1 gxf4 20. gxf4+ Kh8 21. Qd2 Qh4+ 22. Kg2 Rg8+ 23. Kh1 Rxg1+ 24. Kxg1 Rg8+ 0-1

[Event "ZL-2014-0-01527"]
[Site "LSS email"]
[Date "2014.09.22"]
[Round "?"]
[White "Timing, Jan"]
[Black "Caviglia, Maximiliano"]
[Result "1/2-1/2"]
[WhiteElo "1423"]
[BlackElo "1129"]
[PlyCount "96"]
[EventDate "2014.08.30"]
[EventType "match (corr)"]
[EventRounds "2"]
[EventCountry "GER"]
[SourceTitle "Corr 2015"]
[Source "ChessBase"]
[SourceDate "2015.07.17"]
[SourceVersion "1"]
[SourceVersionDate "2015.07.17"]
[SourceQuality "1"]

1. e4 c5 2. Nf3 d6 3. d4 cxd4 4. Nxd4 Nf6 5. Nc3 a6 6. Be2 Qc7 7. 0-0 e6 8. Qd3 Be7 9. Qg3 Bd7 10. Qxg7 Rg8 11. Qh6 Nc6 12. Rd1 0-0-0 13. Qe3 Nxd4 14. Qxd4 Bc6 15. Bg5 Rxg5 16. Bf3 Rdg8 17. g3 h5 18. Qa7 h4 19. Rd3 hxg3 20. hxg3 Nd7 21. Qa8+ Nb8 22. Qa7 Nd7 23. Qa8+ Qb8 24. Qxb8+ Kxb8 25. Bg2 Ne5 26. Rdd1 f5 27. exf5 Bxg2 28. Kxg2 Rxf5 29. Rh1 Ng4 30. f4 Ne3+ 31. Kf3 Nxc2 32. Rad1 Nb4 33. Rh6 e5 34. a3 Nc6 35. Nd5 Bf8 36. Rh7 Nd4+ 37. Ke4 exf4 38. gxf4 Bg7 39. Rxd4 Bxd4 40. Kxf5 Bxb2 41. a4 Re8 42. Rd7 Ba3 43. Kg6 Re6+ 44. Kf7 Re4 45. f5 Rxa4 46. f6 Bb2 47. Ke6 Bxf6 48. Kxf6 Rh4 1/2-1/2

[Event "ZN-2014-0-02803"]
[Site "LSS email"]
[Date "2014.09.17"]
[Round "?"]
[White "Lenz, Juergen"]
[Black "Timing, Jan"]
[Result "0-1"]
[WhiteElo "947"]
[BlackElo "1423"]
[PlyCount "52"]
[EventDate "2014.09.11"]
[EventType "match (corr)"]
[EventRounds "2"]
[EventCountry "GER"]
[SourceTitle "Corr 2015"]
[Source "ChessBase"]
[SourceDate "2015.07.17"]
[SourceVersion "1"]
[SourceVersionDate "2015.07.17"]
[SourceQuality "1"]

1. d4 Nf6 2. Nf3 d5 3. Bf4 Bf5 4. e3 e6 5. Bd3 Bd6 6. Ne5 Bxd3 7. cxd3 Nfd7 8. 0-0 Bxe5 9. dxe5 h5 10. h3 c5 11. Qb3 Nc6 12. Qxb7 Nb4 13. Nc3 Nxd3 14. Nb5 0-0 15. Nxa7 Qb8 16. Qxb8 Rfxb8 17. Nc6 Rb6 18. Ne7+ Kf8 19. Nxd5 exd5 20. Rfd1 c4 21. Bg3 Rxb2 22. a4 N7c5 23. a5 c3 24. e6 c2 25. Rf1 fxe6 26. Bd6+ Ke8 0-1

[Event "ZN-2014-0-02803"]
[Site "LSS email"]
[Date "2014.09.17"]
[Round "?"]
[White "Timing, Jan"]
[Black "Lenz, Juergen"]
[Result "1-0"]
[WhiteElo "1423"]
[BlackElo "947"]
[PlyCount "85"]
[EventDate "2014.09.11"]
[EventType "match (corr)"]
[EventRounds "2"]
[EventCountry "GER"]
[SourceTitle "Corr 2015"]
[Source "ChessBase"]
[SourceDate "2015.07.17"]
[SourceVersion "1"]
[SourceVersionDate "2015.07.17"]
[SourceQuality "1"]

1. d4 Nf6 2. c4 c5 3. d5 Ne4 4. Qc2 Qa5+ 5. Nc3 Nxc3 6. Bd2 e5 7. Bxc3 Qc7 8. e3 d6 9. f4 Be7 10. fxe5 dxe5 11. 0-0-0 Nd7 12. Kb1 Bd6 13. Nf3 Nf6 14. h3 Bd7 15. Be2 0-0-0 16. Rdf1 Ne8 17. Ng5 f5 18. g4 Rf8 19. gxf5 Bxf5 20. Rxf5 Rxf5 21. Qxf5+ Kb8 22. Ne6 Qd7 23. Rf1 Rc8 24. Qxh7 a6 25. Qg6 Qe7 26. Rf7 Qh4 27. Nxg7 Nxg7 28. Qxg7 Rc7 29. Rxc7 Bxc7 30. Bxe5 Qe1+ 31. Kc2 Qxe2+ 32. Kb3 Qxe3+ 33. Bc3 Qxh3 34. Qf8+ Ka7 35. Qxc5+ Bb6 36. Qd6 Qe3 37. Qe5 Qd3 38. Kb4 Bd8 39. Qd4+ Qxd4 40. Bxd4+ Kb8 41. Kc5 Kc8 42. Kd6 Bh4 43. Bb6 1-0

[Event "ZN-2014-0-02793"]
[Site "LSS email"]
[Date "2014.09.03"]
[Round "?"]
[White "Timing, Jan"]
[Black "Esin, Maxim"]
[Result "1/2-1/2"]
[WhiteElo "1423"]
[BlackElo "1222"]
[PlyCount "33"]
[EventDate "2014.08.28"]
[EventType "match (corr)"]
[EventRounds "2"]
[EventCountry "GER"]
[SourceTitle "Corr 2015"]
[Source "ChessBase"]
[SourceDate "2015.07.17"]
[SourceVersion "1"]
[SourceVersionDate "2015.07.17"]
[SourceQuality "1"]

1. e4 e5 2. Nf3 Nc6 3. Bb5 a6 4. Ba4 Nf6 5. 0-0 Be7 6. Re1 b5 7. Bb3 d6 8. c3 0-0 9. h3 Na5 10. Bc2 c5 11. d4 Nd7 12. Nbd2 exd4 13. cxd4 Nc6 14. d5 Nce5 15. a4 Bb7 16. Qe2 Rb8 17. Nxe5 1/2-1/2

[Event "OP-2014-0-03489"]
[Site "LSS email"]
[Date "2014.09.01"]
[Round "?"]
[White "Timing, Jan"]
[Black "Caudill, Tommy A"]
[Result "1-0"]
[WhiteElo "1423"]
[BlackElo "761"]
[PlyCount "41"]
[EventDate "2014.08.27"]
[EventType "tourn (corr)"]
[EventRounds "4"]
[EventCountry "GER"]
[SourceTitle "Corr 2015"]
[Source "ChessBase"]
[SourceDate "2015.07.17"]
[SourceVersion "1"]
[SourceVersionDate "2015.07.17"]
[SourceQuality "1"]

1. e4 c5 2. Nf3 Nf6 3. e5 Nd5 4. Nc3 e6 5. Nxd5 exd5 6. d4 c4 7. b3 b5 8. a4 Bb4+ 9. Bd2 c3 10. Bg5 Qc7 11. axb5 Qb6 12. Bd3 0-0 13. Ra4 a5 14. 0-0 d6 15. Be7 Re8 16. Bxh7+ Kxh7 17. Ng5+ Kh6 18. Qd3 g6 19. Bf6 Bf5 20. Qe3 dxe5 21. Nxf7+ 1-0